[Event "Madrid ch 2014 Final"]
[Site "Madrid ESP"]
[Date "2014.05.30"]
[Round "2.23"]
[White "Rubio Mejia, Luis Ignacio"]
[Black "Taboas Rodriguez, Daniel"]
[Result "1-0"]
[WhiteElo "2454"]
[BlackElo "2397"]
[PlyCount "87"]
[EventDate "2014.05.26"]
[EventType "k.o."]
[EventRounds "4"]
[EventCountry "ESP"]
[Source "lmi"]
[SourceDate "2014.05.26"]

1. d4 Nf6 2. c4 g6 3. Nc3 Bg7 4. e4 d6 5. Nf3 O-O 6. Be2 e5 7. d5 Nbd7 8. Bg5
h6 9. Bh4 g5 10. Bg3 Nh5 11. h4 g4 12. Nd2 Ndf6 13. Nf1 Nf4 14. Ne3 h5 15. Bd3
Bd7 16. Bc2 a6 17. a4 Ne8 18. f3 c6 19. O-O Qb6 20. Kh1 Qxb2 21. Qd2 Qb6 22.
Rab1 Qa7 23. Nf5 Bxf5 24. Bf2 c5 25. exf5 b5 26. g3 Nh3 27. Be3 Qe7 28. fxg4
hxg4 29. Ne4 Nf6 30. Nxf6+ Qxf6 31. Bg5 Nxg5 32. hxg5 Bh6 33. gxh6 b4 34. h7+
Kxh7 35. Kg2 Kg7 36. Qe2 Rg8 37. Rh1 Kf8 38. Rh4 Qg5 39. Rbh1 Ke7 40. Rh5 Qg7
41. Rh7 Qg5 42. Qe1 Rg7 43. R7h5 Qf6 44. Rh6 1-0

[Event "Madrid ch 2014 Final"]
[Site "Madrid ESP"]
[Date "2014.05.30"]
[Round "2.24"]
[White "Huerga Leache, Mikel"]
[Black "Candela Perez, Jose"]
[Result "1-0"]
[WhiteElo "2440"]
[BlackElo "2437"]
[PlyCount "211"]
[EventDate "2014.05.26"]
[EventType "k.o."]
[EventRounds "4"]
[EventCountry "ESP"]
[Source "lmi"]
[SourceDate "2014.05.26"]

1. e4 c5 2. Nf3 d6 3. d4 cxd4 4. Nxd4 Nf6 5. f3 a6 6. c4 e6 7. Nc3 Be7 8. Be2
O-O 9. Be3 b6 10. O-O Bb7 11. Qd2 Nbd7 12. Rfc1 Rc8 13. Rab1 Re8 14. b4 Bf8 15.
Bf1 Rc7 16. Bf2 Qa8 17. Na4 d5 18. cxd5 Rxc1 19. Qxc1 exd5 20. exd5 Nxd5 21.
Nf5 Bc6 22. Nc3 g6 23. Nh6+ Kg7 24. Bd4+ f6 25. Ng4 Ne7 26. Qg5 Ng8 27. Bc4 h5
28. Ne3 Ne5 29. Nf5+ Kh7 30. Bxg8+ Kxg8 31. Qxf6 Qd8 32. Bxe5 Qxf6 33. Bxf6
gxf5 34. Bd4 b5 35. a3 Kf7 36. Kf2 Bd6 37. g3 Ra8 38. Rd1 a5 39. Bb6 Be5 40.
bxa5 Bxc3 41. Rc1 Bxa5 42. Rxc6 Bxb6+ 43. Rxb6 Rxa3 44. Rxb5 Kg6 45. Rb6+ Kg7
46. Kg2 Rc3 47. Rb2 Kg6 48. Rf2 h4 49. gxh4 f4 50. Rd2 Kf5 51. Rd5+ Ke6 52. Rd2
Kf5 53. Ra2 Rb3 54. Ra5+ Kg6 55. h5+ Kf6 56. h6 Kg6 57. Ra6+ Kh7 58. Rf6 Rb2+
59. Kh3 Rf2 60. Kg4 Rxh2 61. Kxf4 Ra2 62. Kg5 Rg2+ 63. Kf5 Ra2 64. f4 Ra5+ 65.
Kg4 Ra1 66. Rb6 Ra2 67. Kg5 Rg2+ 68. Kf5 Ra2 69. Re6 Ra5+ 70. Kg4 Rb5 71. f5
Rb1 72. Kg5 Rg1+ 73. Kf6 Rf1 74. Ke5 Ra1 75. Rb6 Re1+ 76. Kf6 Rf1 77. Rb2 Rf3
78. Rh2 Ra3 79. Rh4 Ra1 80. Re4 Rf1 81. Ke6 Ra1 82. f6 Ra6+ 83. Kf5 Ra5+ 84.
Re5 Ra1 85. f7 Rf1+ 86. Ke6 Kg6 87. Rg5+ Kxg5 88. h7 Re1+ 89. Kd7 Rf1 90. h8=Q
Rxf7+ 91. Ke6 Rf3 92. Qe5+ Kg4 93. Qe4+ Kg3 94. Ke5 Kf2 95. Qg4 Rg3 96. Qh4 Kg2
97. Kf4 Rf3+ 98. Ke4 Rg3 99. Qh5 Kf2 100. Qh2+ Rg2 101. Qf4+ Kg1 102. Ke3 Rg8
103. Kf3 Rg2 104. Qh4 Ra2 105. Qd4+ Kh2 106. Qh8+ 1-0

[Event "Madrid ch 2014 Final"]
[Site "Madrid ESP"]
[Date "2014.06.02"]
[Round "3.11"]
[White "Huerga Leache, Mikel"]
[Black "Almagro Llamas, Pablo"]
[Result "1/2-1/2"]
[WhiteElo "2440"]
[BlackElo "2500"]
[PlyCount "112"]
[EventDate "2014.05.26"]
[EventType "k.o."]
[EventRounds "4"]
[EventCountry "ESP"]
[Source "lmi"]
[SourceDate "2014.05.26"]

1. e4 c5 2. Nf3 Nc6 3. d4 cxd4 4. Nxd4 Nf6 5. Nc3 e5 6. Ndb5 d6 7. Bg5 a6 8.
Na3 b5 9. Bxf6 gxf6 10. Nd5 f5 11. Bd3 Be6 12. O-O Bg7 13. Qh5 Rb8 14. c4 bxc4
15. Bxc4 fxe4 16. Nc7+ Qxc7 17. Bxe6 Qe7 18. Bd5 Nb4 19. Bxe4 d5 20. Qg4 Bf6
21. Bf5 e4 22. Rae1 h5 23. Qd1 Kf8 24. Re3 Qe5 25. Bh3 Nd3 26. b3 Nf4 27. Bd7
Qd6 28. Rxe4 Ng6 29. Bf5 Qxa3 30. Ra4 Qd6 31. Bxg6 fxg6 32. Qd3 Kg7 33. Rxa6
Qc5 34. Qd2 Rbc8 35. Ra5 Qc7 36. Rxd5 Rhd8 37. a4 Rxd5 38. Qxd5 Rd8 39. Qf3 Bd4
40. g3 Rf8 41. Qd5 Qb6 42. Kg2 Bxf2 43. Qe5+ Kh6 44. Qe4 Rf5 45. a5 Qf6 46. a6
Bb6 47. Rxf5 Qxf5 48. Qxf5 gxf5 49. Kf3 Kg5 50. h3 Ba7 51. b4 Bb6 52. Ke2 Ba7
53. Kf3 Bb6 54. Ke2 Kf6 55. Kf3 Ke5 56. g4 fxg4+ 1/2-1/2

[Event "Madrid ch 2014 Final"]
[Site "Madrid ESP"]
[Date "2014.06.02"]
[Round "3.12"]
[White "Rubio Mejia, Luis Ignacio"]
[Black "Moreno Ruiz, Javier"]
[Result "1-0"]
[WhiteElo "2454"]
[BlackElo "2486"]
[PlyCount "109"]
[EventDate "2014.05.26"]
[EventType "k.o."]
[EventRounds "4"]
[EventCountry "ESP"]
[Source "lmi"]
[SourceDate "2014.05.26"]

1. d4 Nf6 2. c4 g6 3. Nc3 d5 4. Nf3 Bg7 5. Bf4 O-O 6. e3 c5 7. dxc5 Ne4 8. Rc1
Nd7 9. cxd5 Qa5 10. Nd4 Nxc3 11. bxc3 Nxc5 12. Bc4 e5 13. dxe6 Bxe6 14. Nxe6
Nxe6 15. O-O Nxf4 16. exf4 Rac8 17. Qb3 Rc5 18. a4 Qc7 19. Bd5 b6 20. c4 Qxf4
21. Rce1 Bf6 22. Re4 Qd6 23. h4 Qd7 24. Qf3 Bg7 25. Rfe1 Rc7 26. h5 Kh8 27. Qf4
h6 28. hxg6 fxg6 29. Qg3 g5 30. Re6 Bf6 31. R1e3 Qg7 32. Rf3 Rcf7 33. Rc6 Be5
34. Rxh6+ Qxh6 35. Qxe5+ Qg7 36. Qxg7+ Kxg7 37. Rxf7+ Rxf7 38. Bxf7 Kxf7 39.
Kf1 Ke6 40. Ke2 Kd6 41. Kd3 Kc5 42. Kc3 g4 43. f4 gxf3 44. gxf3 Kd6 45. Kd4 Ke6
46. Ke4 Kd6 47. f4 Ke6 48. f5+ Kf6 49. Kf4 Kf7 50. Ke5 Ke7 51. f6+ Kf7 52. Kf5
Kf8 53. Ke6 Ke8 54. f7+ Kf8 55. Kf6 1-0

[Event "Madrid ch 2014 Final"]
[Site "Madrid ESP"]
[Date "2014.06.03"]
[Round "3.21"]
[White "Almagro Llamas, Pablo"]
[Black "Huerga Leache, Mikel"]
[Result "0-1"]
[WhiteElo "2500"]
[BlackElo "2440"]
[PlyCount "124"]
[EventDate "2014.05.26"]
[EventType "k.o."]
[EventRounds "4"]
[EventCountry "ESP"]
[Source "lmi"]
[SourceDate "2014.05.26"]

1. d4 Nf6 2. Nf3 c5 3. d5 e6 4. c4 b5 5. Bg5 exd5 6. cxd5 h6 7. Bxf6 Qxf6 8.
Qc2 Be7 9. e4 Qb6 10. a4 bxa4 11. Nbd2 Na6 12. Be2 Nb4 13. Qxa4 O-O 14. O-O d6
15. Nc4 Qb8 16. Rad1 Ba6 17. Rfe1 Qe8 18. Qxe8 Rfxe8 19. Na5 Bd8 20. Nc6 Bxe2
21. Rxe2 Bf6 22. Na5 g5 23. h3 Rad8 24. Kf1 Rd7 25. Nc4 Bd8 26. Ne1 Bf6 27. Nd3
Rb8 28. g3 Bd4 29. Nxb4 Rxb4 30. Rc2 Ra4 31. Rd3 Kf8 32. Rb3 Ra1+ 33. Ke2 Rh1
34. Kf3 Rh2 35. Rb8+ Kg7 36. Na5 h5 37. Nc6 Bf6 38. b3 h4 39. Kg4 Rg2 40. Kf3
Rh2 41. Rc4 hxg3 42. Kxg3 Rh1 43. Ra4 Rb1 44. Rb5 Rb2 45. Kf3 Rc7 46. Rc4 Rc8
47. Rc1 Rh8 48. Kg2 a6 49. Rb7 Rh4 50. Rd7 Rxe4 51. Rxd6 Rf4 52. Rf1 Rxb3 53.
Rd7 g4 54. hxg4 Rxg4+ 55. Kh2 Bg5 56. Rxf7+ Kg8 57. f4 Rb2+ 58. Kh3 Rh4+ 59.
Kg3 Rb3+ 60. Kg2 Kxf7 61. fxg5+ Kg7 62. Ne5 Rd4 0-1

[Event "Madrid ch 2014 Final"]
[Site "Madrid ESP"]
[Date "2014.06.03"]
[Round "3.22"]
[White "Moreno Ruiz, Javier"]
[Black "Rubio Mejia, Luis Ignacio"]
[Result "1/2-1/2"]
[WhiteElo "2486"]
[BlackElo "2454"]
[PlyCount "202"]
[EventDate "2014.05.26"]
[EventType "k.o."]
[EventRounds "4"]
[EventCountry "ESP"]
[Source "lmi"]
[SourceDate "2014.05.26"]

1. d4 Nf6 2. c4 e6 3. Nc3 Bb4 4. e3 b6 5. Nge2 Ba6 6. a3 Bxc3+ 7. Nxc3 d5 8. b3
O-O 9. a4 Nc6 10. Ba3 Re8 11. Be2 e5 12. dxe5 Nxe5 13. cxd5 Bxe2 14. Kxe2 Qd7
15. Qd2 Qg4+ 16. Kf1 Rad8 17. Rd1 c6 18. h3 Qf5 19. d6 c5 20. Qe2 Qe6 21. Qb5
Rxd6 22. Rxd6 Qxd6 23. Ke2 Nc6 24. Rd1 Qe6 25. Kf1 h5 26. Kg1 Rc8 27. Ne2 Na5
28. Nc1 Nd5 29. Bb2 Nb4 30. Qd7 Qxd7 31. Rxd7 c4 32. bxc4 Rxc4 33. Rxa7 Rc2 34.
Ba3 Nbc6 35. Rc7 Rc3 36. Bb2 Rc2 37. Nd3 Rd2 38. Ne5 Rxb2 39. Nxc6 Nxc6 40.
Rxc6 Rb4 41. g3 g6 42. Kg2 Rxa4 43. Rxb6 Kf8 44. Kf3 Ra2 45. Rb4 Ke7 46. Rb8
Rc2 47. g4 hxg4+ 48. hxg4 Kf6 49. Rb6+ Kg7 50. g5 Ra2 51. Kg3 Re2 52. Rb3 Ra2
53. f4 Ra5 54. Kf3 Ra4 55. Rd3 Rb4 56. Rd4 Rb7 57. e4 Rb3+ 58. Kg4 Rb1 59. f5
Rg1+ 60. Kf4 Rf1+ 61. Ke5 gxf5 62. exf5 Rg1 63. Kf4 Rf1+ 64. Kg4 Rg1+ 65. Kh5
Rh1+ 66. Rh4 Rg1 67. f6+ Kh7 68. Rh2 Kg8 69. Rc2 Rh1+ 70. Kg4 Rg1+ 71. Kf4 Rf1+
72. Ke5 Re1+ 73. Kf4 Rf1+ 74. Ke4 Re1+ 75. Kf3 Rf1+ 76. Rf2 Rh1 77. Kf4 Kh7 78.
Kf5 Ra1 79. Rh2+ Kg8 80. Rd2 Rf1+ 81. Ke5 Re1+ 82. Kf4 Rf1+ 83. Kg3 Rg1+ 84.
Rg2 Rf1 85. Rf2 Ra1 86. Rc2 Rg1+ 87. Kf4 Rf1+ 88. Ke4 Re1+ 89. Kf3 Rf1+ 90. Ke3
Re1+ 91. Re2 Rf1 92. Ke4 Kh7 93. Ke5 Rd1 94. g6+ Kxg6 95. Rg2+ Kh6 96. Rg7 Rd7
97. Rg8 Kh7 98. Rg7+ Kh8 99. Kf5 Rd5+ 100. Kg4 Rd4+ 101. Kh5 Rh4+ 1/2-1/2

[Event "Madrid ch 2014 Final"]
[Site "Madrid ESP"]
[Date "2014.06.09"]
[Round "4.11"]
[White "Rubio Mejia, Luis Ignacio"]
[Black "Huerga Leache, Mikel"]
[Result "1/2-1/2"]
[WhiteElo "2454"]
[BlackElo "2440"]
[PlyCount "153"]
[EventDate "2014.05.26"]
[EventType "k.o."]
[EventRounds "4"]
[EventCountry "ESP"]
[Source "lmi"]
[SourceDate "2014.05.26"]

1. d4 Nf6 2. c4 c5 3. d5 b5 4. Qc2 bxc4 5. e4 d6 6. Bxc4 g6 7. Nf3 Bg7 8. O-O
O-O 9. Re1 Nfd7 10. Bd2 Nb6 11. Na3 Na6 12. Bc3 Nb4 13. Qd2 Bg4 14. Be2 Rb8 15.
h3 Bxf3 16. Bxf3 Qc8 17. Bg4 Qa6 18. Bxg7 Kxg7 19. Re3 Kg8 20. h4 Nc4 21. Nxc4
Qxc4 22. a3 Qc2 23. Qc3 Qxc3 24. Rxc3 Na6 25. b4 h5 26. Be2 cxb4 27. axb4 Nxb4
28. Rxa7 Rfc8 29. Rxc8+ Rxc8 30. Rxe7 Rc1+ 31. Kh2 Rc2 32. Bb5 Rxf2 33. e5 Rd2
34. exd6 Nxd5 35. Re8+ Kg7 36. d7 Nc7 37. d8=Q Rxd8 38. Rxd8 Nxb5 39. Rd7 Nc3
40. Kg3 Ne4+ 41. Kf4 Nf6 42. Ra7 Ng4 43. g3 Nh6 44. Ke5 Nf5 45. Ra3 Ne7 46. Kd6
Nf5+ 47. Kd7 Kf8 48. Rb3 Kg7 49. Ra3 Kf8 50. Rd3 Ng7 51. Kd6 Nf5+ 52. Ke5 Kg7
53. Ra3 Ne7 54. Rf3 Nc6+ 55. Kf4 Nd4 56. Rd3 Nf5 57. Kg5 Ne7 58. g4 hxg4 59.
Kxg4 Ng8 60. Ra3 Nh6+ 61. Kg5 Nf5 62. Ra7 Nd4 63. Kf4 Nf5 64. h5 Nh6 65. Kg5
gxh5 66. Kxh5 Ng8 67. Kg5 Kf8 68. Kf5 Kg7 69. Ke5 Kf8 70. Kd6 Kg7 71. Kd7 Nf6+
72. Kd8 Ng8 73. Ra1 Kf8 74. Rf1 Kg7 75. Ke8 Nf6+ 76. Ke7 Ng8+ 77. Ke8 1/2-1/2

[Event "Madrid ch 2014 Final"]
[Site "Madrid ESP"]
[Date "2014.06.09"]
[Round "4.12"]
[White "Moreno Ruiz, Javier"]
[Black "Almagro Llamas, Pablo"]
[Result "0-1"]
[WhiteElo "2486"]
[BlackElo "2500"]
[PlyCount "84"]
[EventDate "2014.05.26"]
[EventType "k.o."]
[EventRounds "4"]
[EventCountry "ESP"]
[Source "lmi"]
[SourceDate "2014.05.26"]

1. d4 Nf6 2. c4 e6 3. Nc3 Bb4 4. Qc2 O-O 5. Nf3 d5 6. cxd5 Qxd5 7. Bd2 Bxc3 8.
Bxc3 b6 9. g3 Bb7 10. Bg2 Qh5 11. O-O Be4 12. Qd2 Nbd7 13. Rac1 Rac8 14. b3
Rfd8 15. Rfd1 h6 16. Bb2 Qb5 17. Qe3 a5 18. a4 Qd5 19. Ba3 Qb7 20. Ne1 Bxg2 21.
Nxg2 Re8 22. Nf4 e5 23. dxe5 Nxe5 24. Qd2 Neg4 25. Qc2 c5 26. Bb2 Ne4 27. Rf1
Rcd8 28. Rcd1 Rxd1 29. Qxd1 Ng5 30. h3 Rxe2 31. Qxe2 Nf3+ 32. Qxf3 Qxf3 33.
hxg4 Qxb3 34. Ba1 Qxa4 35. Re1 c4 36. Bd4 b5 37. Re8+ Kh7 38. Bxg7 Kxg7 39.
Nh5+ Kh7 40. Nf6+ Kg6 41. Nh5 Qd1+ 42. Kh2 Qxg4 0-1

[Event "Madrid ch 2014 Final"]
[Site "Madrid ESP"]
[Date "2014.06.10"]
[Round "10.1"]
[White "Huerga Leache, Mikel"]
[Black "Rubio Mejia, Luis Ignacio"]
[Result "1-0"]
[WhiteElo "2440"]
[BlackElo "2454"]
[PlyCount "103"]
[EventDate "2014.05.26"]
[EventType "k.o."]
[EventRounds "4"]
[EventCountry "ESP"]
[Source "lmi"]
[SourceDate "2014.05.26"]

1. e4 c5 2. Nf3 d6 3. d4 cxd4 4. Nxd4 Nf6 5. f3 e5 6. Nb3 Be6 7. c4 Nbd7 8. Nc3
Rc8 9. Be3 Bxc4 10. Bxc4 Rxc4 11. O-O a6 12. Nd5 Be7 13. Nxe7 Kxe7 14. Qe1 Qc7
15. Qg3 Rc2 16. Rac1 Qc4 17. f4 Qxe4 18. fxe5 dxe5 19. Nc5 Rxg2+ 20. Qxg2 Qxe3+
21. Qf2 Qxf2+ 22. Rxf2 Rc8 23. Rfc2 Nxc5 24. Rxc5 Rxc5 25. Rxc5 Kd6 26. Rc8 Nd5
27. Rb8 b6 28. Rb7 Ke6 29. b4 g5 30. a3 e4 31. Ra7 f5 32. Rxa6 Kd6 33. a4 f4
34. a5 Kc6 35. axb6 e3 36. Ra5 Nxb4 37. b7 e2 38. Kf2 Nc2 39. Kxe2 Kxb7 40.
Rxg5 Kc6 41. Rh5 Kd6 42. Kf3 Ke6 43. Kxf4 Kf6 44. Rxh7 Nd4 45. Rh6+ Kg7 46. Rd6
Ne2+ 47. Kf3 Nc3 48. Ke3 Nb5 49. Rd5 Nc3 50. Rc5 Na4 51. Rc6 Kf7 52. h4 1-0

[Event "Madrid ch 2014 Final"]
[Site "Madrid ESP"]
[Date "2014.06.11"]
[Round "11.1"]
[White "Rubio Mejia, Luis Ignacio"]
[Black "Huerga Leache, Mikel"]
[Result "1-0"]
[WhiteElo "2454"]
[BlackElo "2440"]
[PlyCount "81"]
[EventDate "2014.05.26"]
[EventType "k.o."]
[EventRounds "4"]
[EventCountry "ESP"]
[Source "lmi"]
[SourceDate "2014.05.26"]

1. d4 Nf6 2. c4 c5 3. d5 b5 4. cxb5 a6 5. bxa6 g6 6. Nc3 Bxa6 7. e4 Bxf1 8.
Kxf1 d6 9. Nf3 Bg7 10. g3 O-O 11. Kg2 Nbd7 12. a4 Ra6 13. Ra3 Ng4 14. Nd2 f5
15. exf5 gxf5 16. Qe2 Rb6 17. h3 Ngf6 18. Nf3 Qa8 19. Rd1 Rb4 20. Qxe7 Re8 21.
Qxd6 Qd8 22. Re1 Ne4 23. Nxe4 fxe4 24. Ng5 Rb6 25. Qf4 Rf6 26. Qd2 Bh6 27. Qd1
e3 28. Raxe3 Ref8 29. Rf3 Qa8 30. Rxf6 Nxf6 31. Ne4 Bxc1 32. Nxf6+ Rxf6 33.
Qxc1 Qxd5+ 34. Kg1 Qd4 35. Qe3 Qxb2 36. Qxc5 h5 37. Re8+ Kg7 38. Qg5+ Rg6 39.
Qe7+ Kh6 40. Qf8+ Rg7 41. Re6+ 1-0

[Event "Madrid ch 2014 Final"]
[Site "Madrid ESP"]
[Date "2014.06.12"]
[Round "12.1"]
[White "Huerga Leache, Mikel"]
[Black "Rubio Mejia, Luis Ignacio"]
[Result "0-1"]
[WhiteElo "2440"]
[BlackElo "2454"]
[PlyCount "119"]
[EventDate "2014.05.26"]
[EventType "k.o."]
[EventRounds "4"]
[EventCountry "ESP"]
[Source "lmi"]
[SourceDate "2014.05.26"]

1. e4 c5 2. Nf3 d6 3. d4 cxd4 4. Nxd4 Nf6 5. f3 e5 6. Nb3 Be6 7. c4 Nbd7 8. Be3
Rc8 9. Nc3 Bxc4 10. Bxc4 Rxc4 11. O-O a6 12. Nd5 Be7 13. Nxe7 Kxe7 14. Qd2 b6
15. Rac1 Rxc1 16. Nxc1 Qc7 17. Ne2 Rc8 18. Rd1 Qb8 19. Ng3 g6 20. f4 Rc6 21.
Ne2 b5 22. fxe5 dxe5 23. Qe1 Ng4 24. Nc3 Nxe3 25. Qxe3 Nf6 26. Qg5 Kf8 27. Qh6+
Kg8 28. h3 Rd6 29. Nd5 Nxd5 30. exd5 Qb6+ 31. Kh1 Qc5 32. Qd2 Qc4 33. b3 Qe4
34. Kg1 Kg7 35. Kh1 h5 36. Kg1 b4 37. Kh1 a5 38. Kg1 Kh7 39. Qf2 Qf5 40. Qc5
Rd7 41. Qxa5 Qc2 42. Rf1 Qd2 43. Qb5 Qd4+ 44. Kh2 Ra7 45. Qc4 Kg7 46. Qxd4 exd4
47. Rd1 Kf6 48. d6 Ke5 49. Kg3 Rd7 50. Kf2 Rxd6 51. Ke2 Ra6 52. Rd2 Ke4 53. Kd1
d3 54. Rf2 f5 55. h4 f4 56. Ke1 Rc6 57. Kd1 Rc7 58. a4 bxa3 59. Ra2 Ra7 60. b4
0-1